000 00255nam a22001217a 4500
008 170403b xxu||||| |||| 00| 0 eng d
041 _aeng
080 _a574
100 _a9
101 _ashm
245 _aresearch for tomorow
_clyng.r.e
942 _2udc
_cBK
999 _c9489
_d9489